Biology of Plants (Record no. 3861)

MARC details
000 -LEADER
fixed length control field 00932cam a2200289 a 4500
001 - CONTROL NUMBER
control field 2618479
003 - CONTROL NUMBER IDENTIFIER
control field OSt
005 - DATE AND TIME OF LATEST TRANSACTION
control field 20210420111252.0
008 - FIXED-LENGTH DATA ELEMENTS--GENERAL INFORMATION
fixed length control field 981105s1999 nyua b 001 0 eng
010 ## - LIBRARY OF CONGRESS CONTROL NUMBER
LC control number 98060171
020 ## - INTERNATIONAL STANDARD BOOK NUMBER
International Standard Book Number 9781572590410
020 ## - INTERNATIONAL STANDARD BOOK NUMBER
International Standard Book Number 1572590416
040 ## - CATALOGING SOURCE
Original cataloging agency DLC
Transcribing agency DLC
050 00 - LIBRARY OF CONGRESS CALL NUMBER
Classification number QK47
Item number .R25 1999
082 00 - DEWEY DECIMAL CLASSIFICATION NUMBER
Classification number 580 RAV 1999
Edition number 21
100 1# - MAIN ENTRY--PERSONAL NAME
Personal name Raven, Peter H.; Evert, Ray Franklin; Eichhorn, Susan E.
9 (RLIN) 8466
245 10 - TITLE STATEMENT
Title Biology of Plants
250 ## - EDITION STATEMENT
Edition statement 6th ed.
260 ## - PUBLICATION, DISTRIBUTION, ETC. (IMPRINT)
Place of publication, distribution, etc. New York :
Name of publisher, distributor, etc. W.H. Freeman :
Date of publication, distribution, etc. 1999.
300 ## - PHYSICAL DESCRIPTION
Extent xv, 944 p. :
Other physical details col.ill ;
Dimensions 29 cm.
504 ## - BIBLIOGRAPHY, ETC. NOTE
Bibliography, etc Includes bibliographical references (p. 851-862) and index.
650 #0 - SUBJECT ADDED ENTRY--TOPICAL TERM
Topical term or geographic name as entry element Botany.
9 (RLIN) 1777
650 #0 - SUBJECT ADDED ENTRY--TOPICAL TERM
Topical term or geographic name as entry element Biology
9 (RLIN) 5602
906 ## - LOCAL DATA ELEMENT F, LDF (RLIN)
a 7
b cbc
c orignew
d 2
e opcn
f 19
g y-gencatlg
942 ## - ADDED ENTRY ELEMENTS (KOHA)
Source of classification or shelving scheme Dewey Decimal Classification
Koha item type Short Loan
Holdings
Withdrawn status Lost status Source of classification or shelving scheme Damaged status Not for loan Home library Current library Date acquired Source of acquisition Inventory number Total Checkouts Full call number Barcode Date last seen Koha item type Date last checked out
    Dewey Decimal Classification     MUST Main Library MUST Main Library 03/05/2016 Purchase 02/17470   580 RAV 1999 2016-1562 03/05/2016 Short Loan  
    Dewey Decimal Classification     MUST Main Library MUST Main Library 05/05/2016 Purchase 02/17471   580 RAV 1999 2016-1576 05/05/2016 Short Loan  
    Dewey Decimal Classification     MUST Main Library MUST Main Library 18/05/2016 Purchase 06/28022 1 580 RAV 1999 2016-2004 05/05/2021 Short Loan 20/04/2021